| 000 | 00800nam a2200277Ia 4500 | ||
|---|---|---|---|
| 001 | Z_1385 | ||
| 003 | CHAP | ||
| 008 | 220113s1976 xx 000 0 und d | ||
| 010 | _a164474 | ||
| 040 | _cCHAP | ||
| 090 | _aTesis D 682 | ||
| 100 |
_aDorn, Cecilia Ann _934019 |
||
| 245 |
_aField wilted compared to direct cut dehydrated alfalfa for ruminants / _cby Cecilia Ann Dorn |
||
| 260 |
_aLincoln, Nebraska : _bThe author, _c1976 |
||
| 300 | _a100 h. | ||
| 502 | _aThesis (Master of Science) -- University of Nebraska : Department of Animal Science | ||
| 650 |
_aAlfalfa como forraje _93899 |
||
| 650 |
_aAlfalfa _xDeshidratación _93860 |
||
| 650 |
_aRumiantes _xAlimentación |
||
| 901 | _aTESIS D 682 | ||
| 902 | _aM | ||
| 910 | _a1976 | ||
| 942 | _c2 | ||
| 942 | _c2 | ||
| 999 |
_c164474 _d164474 |
||